[Event "Joacaba Scherer"]
[Site "Joacaba"]
[Date "2024.05.05"]
[Round "4"]
[White "Perdomo, Leandro Daniel"]
[Black "Fier, Alexandr"]
[Result "1/2-1/2"]
[WhiteElo "2378"]
[BlackElo "2566"]
[PlyCount "95"]
[EventDate "2024.05.01"]
[EventType "tourn"]
[EventRounds "9"]
[EventCountry "BRA"]
[EventCategory "8"]
[SourceTitle "CB20_2024"]
[SourceDate "2024.05.16"]
[SourceVersion "1"]
[SourceVersionDate "2024.05.16"]
[SourceQuality "1"]

1. d4 Nf6 2. c4 e6 3. Nc3 c5 4. d5 exd5 5. cxd5 d6 6. Nf3 g6 7. Bf4 Bg7 8. e3 0-0 9. h3 Na6 10. Bxa6 bxa6 11. Rc1 Rb8 12. b3 Re8 13. 0-0 a5 14. Re1 Nh5 15. Bh2 f5 16. Nd2 Ba6 17. Nc4 Bxc4 18. bxc4 a6 19. a3 Re7 20. g4 Bxc3 21. Rxc3 Nf6 22. f3 Qd7 23. Rb3 Rf8 24. Rb6 Ne8 25. g5 f4 26. exf4 Ng7 27. Re4 Nf5 28. Qe1 Rfe8 29. Kg2 Nd4 30. Rxe7 Rxe7 31. Rb8+ Kf7 32. Qh4 h5 33. gxh6 Nf5 34. Qg5 Re8 35. Rxe8 Qxe8 36. Bg1 Qh8 37. Bf2 a4 38. h4 Qxh6 39. Qd8 Qxf4 40. Qd7+ Kf6 41. Qxa4 Qd2 42. Qd7 Nxh4+ 43. Kh3 Qxf2 44. Qxd6+ Kg7 45. Qe7+ Kg8 46. Qe8+ Kg7 47. Qe7+ Kg8 48. Qe8+ 1/2-1/2

[Event "Joacaba Scherer"]
[Site "Joacaba"]
[Date "2024.05.03"]
[Round "3"]
[White "Bachmann, Axel"]
[Black "Perdomo, Leandro Daniel"]
[Result "1/2-1/2"]
[WhiteElo "2578"]
[BlackElo "2378"]
[PlyCount "147"]
[EventDate "2024.05.01"]
[EventType "tourn"]
[EventRounds "9"]
[EventCountry "BRA"]
[EventCategory "8"]
[SourceTitle "CB20_2024"]
[SourceDate "2024.05.16"]
[SourceVersion "1"]
[SourceVersionDate "2024.05.16"]
[SourceQuality "1"]

1. d4 Nf6 2. c4 g6 3. Nc3 Bg7 4. e4 d6 5. h3 0-0 6. Be3 Nc6 7. d5 Ne5 8. f4 Ned7 9. g4 c6 10. Nf3 cxd5 11. cxd5 b6 12. Nd4 Nc5 13. Nc6 Qe8 14. Bg2 Ba6 15. Bxc5 bxc5 16. Qd2 Nd7 17. 0-0-0 c4 18. e5 Nc5 19. exd6 exd6 20. Rhe1 Nd3+ 21. Kb1 Qd7 22. Re7 Qc8 23. f5 Rb8 24. Nxb8 Qxb8 25. Bf1 Bf6 26. Re4 Bxc3 27. Qxc3 Nf2 28. Red4 Nxd1 29. Rxd1 Re8 30. Bxc4 Rc8 31. Rd4 Qb6 32. a3 Re8 33. f6 Bb7 34. Rd1 Qf2 35. Bb5 Rc8 36. Re1 h6 37. Bc6 Ba6 38. Qe3 Qxf6 39. Qxa7 Bd3+ 40. Ka1 Qh4 41. Re3 Qf6 42. Re1 Qh4 43. Re3 Qf6 44. Qa5 Qf2 45. Qe1 Qc2 46. Ba4 Qc4 47. Qc3 Qxc3 48. bxc3 Bc4 49. Bc6 f5 50. gxf5 gxf5 51. Rf3 Rf8 52. Rf4 Bd3 53. c4 Kg7 54. Kb2 Kf6 55. Kc3 Kg5 56. Rf2 Be4 57. a4 Kh4 58. a5 Kg3 59. Rb2 f4 60. Kd4 Bg2 61. a6 f3 62. a7 f2 63. Rb1 f1Q 64. Rxf1 Bxf1 65. c5 dxc5+ 66. Kxc5 Bxh3 67. d6 h5 68. Kb6 h4 69. Kc7 Bg4 70. d7 Bxd7 71. Bxd7 Ra8 72. Kb7 Rxa7+ 73. Kxa7 h3 74. Bxh3 1/2-1/2

[Event "Caioba op 7th"]
[Site "Caioba"]
[Date "2023.06.24"]
[Round "8"]
[White "Mekhitarian, Krikor Sevag"]
[Black "Perdomo, Leandro Daniel"]
[Result "1/2-1/2"]
[WhiteElo "2537"]
[BlackElo "2389"]
[PlyCount "43"]
[EventDate "2023.06.18"]
[EventType "swiss"]
[EventRounds "9"]
[EventCountry "BRA"]
[SourceTitle "CBM 214 Extra"]
[Source "ChessBase"]
[SourceDate "2023.07.31"]
[SourceVersion "1"]
[SourceVersionDate "2023.07.31"]
[SourceQuality "1"]

1. d4 Nf6 2. c4 g6 3. Nc3 Bg7 4. e4 d6 5. Be2 0-0 6. Be3 e5 7. d5 Na6 8. h4 Nc5 9. Qc2 c6 10. h5 cxd5 11. cxd5 Qa5 12. h6 Bh8 13. f3 Nh5 14. a3 Na6 15. Bf2 Nf4 16. Bf1 f5 17. Qd2 fxe4 18. fxe4 Bf6 19. Nf3 Bg4 20. Be3 Rac8 21. Rh2 Bd8 22. Rc1 1/2-1/2

[Event "Caioba op 7th"]
[Site "Caioba"]
[Date "2023.06.22"]
[Round "6"]
[White "Do Valle Cardoso, Lucas"]
[Black "Perdomo, Leandro Daniel"]
[Result "1/2-1/2"]
[WhiteElo "2247"]
[BlackElo "2389"]
[PlyCount "70"]
[EventDate "2023.06.18"]
[EventType "swiss"]
[EventRounds "9"]
[EventCountry "BRA"]
[SourceTitle "CBM 214 Extra"]
[Source "ChessBase"]
[SourceDate "2023.07.31"]
[SourceVersion "1"]
[SourceVersionDate "2023.07.31"]
[SourceQuality "1"]

1. e4 e5 2. Nf3 Nc6 3. Nc3 Nf6 4. Bb5 Bb4 5. 0-0 0-0 6. d3 Bxc3 7. bxc3 d6 8. Bg5 Qe7 9. Re1 h6 10. Bh4 Bg4 11. h3 Bxf3 12. Qxf3 a6 13. Ba4 g5 14. Bg3 b5 15. Bb3 Na5 16. d4 c5 17. Bd5 Nxd5 18. exd5 Nc4 19. Qf5 f6 20. a4 Qh7 21. Qe6+ Qf7 22. Reb1 Qxe6 23. dxe6 Rfe8 24. axb5 axb5 25. Rxa8 Rxa8 26. dxc5 dxc5 27. f3 Kf8 28. Bf2 Ke7 29. Rxb5 Ra1+ 30. Kh2 Kxe6 31. Rxc5 Nd2 32. h4 h5 33. hxg5 fxg5 34. Bg3 Nf1+ 35. Kh3 Nxg3 1/2-1/2

[Event "Caioba op 7th"]
[Site "Caioba"]
[Date "2023.06.19"]
[Round "3"]
[White "Perdomo, Leandro Daniel"]
[Black "Tsuboi, Edson Kenji"]
[Result "1/2-1/2"]
[WhiteElo "2389"]
[BlackElo "2212"]
[PlyCount "39"]
[EventDate "2023.06.18"]
[EventType "swiss"]
[EventRounds "9"]
[EventCountry "BRA"]
[SourceTitle "CBM 214 Extra"]
[Source "ChessBase"]
[SourceDate "2023.07.31"]
[SourceVersion "1"]
[SourceVersionDate "2023.07.31"]
[SourceQuality "1"]

1. d4 Nf6 2. c4 e6 3. Nc3 Bb4 4. g3 c5 5. Nf3 cxd4 6. Nxd4 0-0 7. Bg2 d5 8. Nc2 Bxc3+ 9. bxc3 Qc7 10. Ne3 dxc4 11. Qd4 Nc6 12. Qxc4 Bd7 13. 0-0 Rac8 14. Ba3 Rfd8 15. Rfd1 Be8 16. Qc5 Nd7 17. Qd6 Qxd6 18. Bxd6 Nb6 19. c4 Na5 20. Rac1 1/2-1/2

[Event "Caioba Rapid op 7th"]
[Site "Caioba"]
[Date "2023.06.18"]
[Round "8"]
[White "Genro, Guilherme"]
[Black "Perdomo, Leandro Daniel"]
[Result "1-0"]
[WhiteElo "2126"]
[BlackElo "2389"]
[PlyCount "78"]
[EventDate "2023.06.17"]
[EventType "swiss (rapid)"]
[EventRounds "11"]
[EventCountry "BRA"]
[SourceTitle "CBM 214 Extra"]
[Source "ChessBase"]
[SourceDate "2023.07.31"]
[SourceVersion "1"]
[SourceVersionDate "2023.07.31"]
[SourceQuality "1"]

1. Nf3 Nf6 2. b3 g6 3. Bb2 Bg7 4. e3 c5 5. Be2 0-0 6. 0-0 b6 7. d4 Bb7 8. c4 d6 9. Nbd2 Nbd7 10. d5 e5 11. dxe6 fxe6 12. Qc2 Qe7 13. Rad1 Rad8 14. h3 e5 15. Nb1 Ne4 16. Nc3 Nxc3 17. Bxc3 Nf6 18. Bb2 Ne4 19. a3 Bh6 20. Bd3 Nxf2 21. Kxf2 e4 22. Qc3 Bg7 23. Qxg7+ Qxg7 24. Bxg7 Kxg7 25. Bxe4 Bxe4 26. Ke2 Bc2 27. Rd2 Bxb3 28. Rc1 d5 29. Ng5 Rfe8 30. cxd5 Bxd5 31. Kf2 h6 32. e4 Bg8 33. Rxd8 Rxd8 34. Nf3 Rd3 35. Ra1 Kf6 36. g4 g5 37. h4 Be6 38. hxg5+ hxg5 39. Ke2 Re3+ 1-0

[Event "Caioba Rapid op 7th"]
[Site "Caioba"]
[Date "2023.06.18"]
[Round "10"]
[White "Perdomo, Leandro Daniel"]
[Black "Molina, Roberto Junio Brito"]
[Result "1/2-1/2"]
[WhiteElo "2389"]
[BlackElo "2403"]
[PlyCount "42"]
[EventDate "2023.06.17"]
[EventType "swiss (rapid)"]
[EventRounds "11"]
[EventCountry "BRA"]
[SourceTitle "CBM 214 Extra"]
[Source "ChessBase"]
[SourceDate "2023.07.31"]
[SourceVersion "1"]
[SourceVersionDate "2023.07.31"]
[SourceQuality "1"]

1. d4 d5 2. c4 e6 3. Nc3 Nf6 4. cxd5 exd5 5. Bg5 c6 6. Qc2 Be7 7. e3 h6 8. Bh4 Nbd7 9. Bd3 Nh5 10. Bxe7 Qxe7 11. 0-0-0 Nb6 12. h3 Be6 13. Nf3 0-0-0 14. Kb1 Kb8 15. Rc1 Nf6 16. Ka1 Rhe8 17. Nd2 Bc8 18. a3 g6 19. b4 Be6 20. Na2 Rc8 21. Rb1 Ka8 1/2-1/2

[Event "Hebraica Milton Matone"]
[Site "Hebraica"]
[Date "2023.04.21"]
[Round "5"]
[White "Perdomo, Leandro Daniel"]
[Black "Gemy Vargas, Jose Daniel"]
[Result "1/2-1/2"]
[WhiteElo "2408"]
[BlackElo "2333"]
[PlyCount "38"]
[EventDate "2023.04.18"]
[EventType "tourn"]
[EventRounds "9"]
[EventCountry "BRA"]
[EventCategory "7"]
[SourceTitle "EXT 2024"]
[Source "ChessBase"]
[SourceDate "2023.10.10"]
[SourceVersion "1"]
[SourceVersionDate "2023.10.10"]
[SourceQuality "1"]

1. d4 Nf6 2. c4 e6 3. Nc3 Bb4 4. e3 b6 5. Bd3 Bb7 6. f3 0-0 7. Nge2 c5 8. a3 cxd4 9. axb4 dxc3 10. Nxc3 d5 11. 0-0 Nc6 12. b5 Ne5 13. cxd5 Nxd3 14. Qxd3 Nxd5 15. e4 Nxc3 16. Qxc3 f5 17. exf5 Rxf5 18. Ra4 Rc5 19. Qe3 Qf6 1/2-1/2

[Event "Asuncion zt 2.5"]
[Site "Asuncion"]
[Date "2023.03.05"]
[Round "1"]
[White "Heinechen, John"]
[Black "Perdomo, Leandro Daniel"]
[Result "1/2-1/2"]
[WhiteElo "1898"]
[BlackElo "2416"]
[PlyCount "62"]
[EventDate "2023.03.05"]
[EventType "swiss"]
[EventRounds "9"]
[EventCountry "PAR"]
[SourceTitle "CBM 213 Extra"]
[Source "ChessBase"]
[SourceDate "2023.05.31"]
[SourceVersion "1"]
[SourceVersionDate "2023.05.31"]
[SourceQuality "1"]

1. e4 e5 2. Nf3 Nc6 3. Bc4 Nf6 4. d3 Bc5 5. 0-0 d6 6. c3 a5 7. h3 Ba7 8. Re1 h6 9. Nbd2 0-0 10. Nf1 Be6 11. Bb3 Bxb3 12. Qxb3 a4 13. Qd1 d5 14. Ng3 dxe4 15. dxe4 Qxd1 16. Rxd1 Rfd8 17. Be3 Bxe3 18. fxe3 Kf8 19. Kf2 g6 20. Ke2 Ke7 21. Rxd8 Rxd8 22. Rd1 Rxd1 23. Kxd1 Ke6 24. b3 Na5 25. Kc2 axb3+ 26. axb3 b6 27. Nd2 Nb7 28. b4 Nd6 29. Kd3 h5 30. c4 Nd7 31. Ne2 c6 1/2-1/2